2017 Dubai Darts Masters Participants - Statistics

General Stats
  • This quiz has been taken 11 times
  • The average score is 7 of 8
Answer Stats
Country Answer % Correct
Scotland Gary Anderson
100%
England James Wade
100%
Netherlands Michael van Gerwen
100%
England Phil Taylor
100%
Scotland Peter Wright
89%
Wales Gerwyn Price
78%
Netherlands Raymond van Barneveld
78%
England Dave Chisnall
56%
No matching quizzes found
Score Distribution
Percent of People with Each Score
Percentile by Number Answered
Your Score History
You have not taken this quiz